000 01089cad a22001935a 4500
001 L153986
008 110928s2011 xxk f 000 0 eng d
035 _a(Sirsi) u153986
041 0 _aeng
110 2 _aEnglish Heritage
_92714
245 0 0 _aTheft of metal from church buildings
_bEnglish Heritage guidance note
_h[electronic resource]
260 _aEnglish Heritage
_c2011
520 _aNew guidance on theft of metal from church buildings which offers greater clarity on when alternative materials might be appropriate following theft of roofing materials. Includes advice on preventing lead theft with a combination of security measures many of which are simple and inexpensive. This September 2011 guidance note replaces the 2008 guidance.
590 _aKA NTK
651 4 _aEngland
_y886-
690 _aBUILT ENVIRONMENT-BUILDING TYPES-ANCIENT MONUMENTS AND HISTORIC BUILDINGS
856 4 0 _uhttps://www.english-heritage.org.uk/publications/theft-metal-church-buildings/theft-metal-church-buildings.pdf
_zView the item free of charge at www.english-heritage.org.uk
942 _n0
999 _c112795
_d112795